| 000 | 00344nam a2200133 i 4500 | ||
|---|---|---|---|
| 001 | bg | ||
| 100 | 1 | _aHornby, Albert Sidney. | |
| 245 | 0 |
_aOxford advanced learner's dictionary of current... : _bL-Z / _cA.S. Hornby. |
|
| 260 |
_aWarszawa, _c1981. |
||
| 040 | _cBPK | ||
| 041 | _apol | ||
| 942 | _cKS | ||
| 008 | s pl f |000 0 pol | ||
| 999 |
_c23199 _d23199 |
||